00618nam a2200181Ia 4500003000900000008004100009020001800050040001600068080002200084245009200106260004300198300001500241650003200256700002500288942000700313999001700320952009900337IN-BaIIA211028s9999 xx 000 0 eng d a0-444-50305-6 cIIA Library a047.1:535bPRO-40 0aProgress in opticsbvol 40cedited by E. Wolf  aAmsterdam, NetherlandsbElsevierc2000 axiii, 480p aAstrophysics: Optics923718 aWolf, E., ed.,93849 cBK c13530d13530 00104070aBANbBANcGENd0000-00-00l0o047.1:535/ PRO-40p14449r2021-11-05w0000-00-00yBK